000 00416nam a2200133Ia 4500
008 220216s9999 xx 000 0 und d
100 _aKachintorn Suriya
245 0 _aRecycling of rubber remnants for the replacement of powder in rubber product manufacturing processes
260 _bRubber International Magazine
_c2001
300 _a86-90
650 _aRubber product
650 _aRubber recycling
942 _cJS
999 _c66560
_d66560